000 00704nam a2200301Ia 4500
001 5565
003 11232
005 20250225065845.0
008 ||||||n9999 ||| || ||
020 _a1558151699
041 _aspa
082 _a339
100 _aSimonsen, Mario Henrique
_99426
245 0 _aDe la estabilizacion al crecimiento en America Latina
260 _aEstados Unidos :
_bCinde,
_c1992.
300 _a252p
562 _e1
650 0 _aDesarrollo económico
_91884
650 0 _aEstabilidad económica
_97117
942 _cBKM
999 _c5565
_d5565
526 _a116204
526 _a4969
526 _a19790
526 _a104436
526 _a5144
526 _a51868
526 _a1697